000 00906nam a22003257a 4500
001 BR2011004665
003 BR-BrBNA
005 20230928103741.0
007 ta
008 230509b bl.||||| |||| 00| 0 por d
040 _aBR-BrBNA
_bpor
_cBiblioteca Nacional de Agricultura
041 _a(Por)
072 _aL73
_b4120
090 _ 4120 BR2011004665
110 1 _aLaboratórios Pfizer, Guarulhos, SP (Brasil). Div. Agropecuária
245 1 _aClipping patologia aviária micotoxicoses em aves
260 3 _aGuarulhos, SP (Brasil):
_c[nd].
300 _a35 p.
500 _aPublished 1989?; 24 illus.; 3 tables
650 _aMICOTOXINA
650 _aDOENÇA ANIMAL
650 _aFUNGO
650 _aMETABOLISMO ANIMAL
650 _aFRANGO DE CORTE
650 _aAFLATOXINA
650 _aHEPATOPATIA
650 _aOCRATOXINA
909 _a202309
_bLucia
_c55
_dLucia Elande
942 _cBK
999 _c76458
_d76458